000
00314nam a2200121Ia 4500
008
190216s9999||||xx |||||||||||||| ||und||
100
_a
Sreekumaran Unni K
245
0
_a
Indian Deshiyathyudae Samoohya Pachathalam
260
_b
Kerala Bhasha Institute
_c
1973
300
_a
542p
650
_a
Economics
942
_c
BK
999
_c
39864
_d
39864